000 00551nam a22002057a 4500
003 OSt
005 20160829144452.0
008 160829b xxu||||| |||| 00| 0 eng d
020 _a1403934711
040 _cDDC.
082 _a658.404COR 2006.
100 _aCornford,Tony;Smith,Steve;
_910922
245 _aProject Research in Information Technology:
250 _a2nd ed
260 _aNew York.
_bPalgrave.
_c2006.
300 _axii,201p;
_bill;
_c22cm.
504 _aincludes index.
650 _aProject Research.
_910923
942 _2ddc
_cN_PAPAER
999 _c5094
_d5094